000 01076nam a22002297a 4500
999 _c64686
_d64686
005 20240530110744.0
008 181125s2016 ua g 000 0 ara d
017 _bمصر. دار الكتب
040 _aEG-CaGPL
_cEG-CaGPL
082 0 4 _221
_a953.071 /
_bإ ر
100 0 _aابراهيم عبدالمنعم سلامة ابو العلا
245 1 0 _aرعاية الايتام واللقطاء فى الاندلس منذ الفتح الاسلامى حتى نهاية دولة المرابطين :
_b( 92 - 520 هـ / 711 - 1126 م ) /
_cابراهيم عبدالمنعم سلامة ابو العلا
260 _aالاسكندرية :
_bدار المعرفة الجامعية ،
_c2016.
300 _a238 ص. ؛
_c24 سم.
650 0 7 _2qrmak
_aاليتامى
_xخدمات اجتماعية
_zالاندلس
650 0 7 _2qrmak
_aاليتامى
_zالاندلس
650 0 7 _2qrmak
_aملاجئ اليتامى
_zالاندلس
650 0 7 _2qrmak
_aاللقطاء
_zالاندلس
651 _2qrmak
942 _2ddc
_cBK